Statistiken für Länder, die Guinea am nächsten liegen

Klicken Sie hier um das Quiz zu spielen!

Allgemein

  • Dieses Quiz wurde 41 mal gespielt
  • Das Durchschnittsergebnis liegt bei 18 aus 20

Antwortstatistiken

kmLand% Korrekt
0Mali
97%
1657Marokko
97%
1001Niger
97%
1137Nigeria
97%
267Burkina Faso
95%
540Ghana
95%
0Guinea-Bissau
95%
875Togo
95%
1409Algerien
92%
0Côte d'Ivoire
92%
280Mauretanien
92%
0Senegal
92%
74Gambia
89%
947Benin
87%
0Sierra Leone
87%
996Cabo Verde
84%
1831Kamerun
84%
0Liberia
84%
1684Spanien
58%
965Westsahara
47%

Verteilung der Resultate

Perzentil nach korrekt beantworteten Fragen

Anzahl Personen mit jedem Resultat

Ihre Resultats-Entwicklung

Sie haben dieses Quiz noch nicht gespielt